• 首页
  • 本馆介绍
  • 公告通知
  • 最新文献
  • 馆藏检索
  • 电子资源
  • 读者导购
  • 参考咨询
  • 我的图书馆
  • 登录
  • 详细信息显示
  • 放入我的书架
  • 预约/预借图书
  • 作者相关作品
  • 分类相关作品
  • 丛书相关作品
  • 出版社相关作品

书目信息

  • 表格格式
  • 工作单格式
  • 卡片格式
书名: Pueblo nations
作者: Joe S. Sando ; foreword by Regis Pecos.
分册号:
分册名:
出版地: Santa Fe, N.M. :
 
出版社: Clear Light
出版时间: c1992.
页数: xiv, 282 p. :
开本: 23 cm.
丛书名:
中图分类号:
科图分类号:
其他分类号: K7
主题词:
电子资源:
000 01105cam a2200313 a 450
001 E0731134952
005 20070512084326.46
008 910430s1992 nmua b 000 0 eng
010    @a91072483
020    @a0940666073 (pbk.) :@c$14.95.
020    @a0940666170 :@c$22.95.
035    @A(DLC) 91072483
040    @aDLC@cDLC@dDLC
043    @an-us-nm
050 00 @aE99.P9@bS186 1991
082 00 @a973/.0497@2 20
090    @aK7
099    @dK7@ex33
100 1  @aSando, Joe S.,@d1923-
245 10 @aPueblo nations :@beight centuries of Pueblo Indian history / @cJoe S. Sando ; foreword by Regis Pecos.
250    @a1st ed.
260    @aSanta Fe, N.M. :@bClear Light,@cc1992.
300    @axiv, 282 p. :@bill. ;@c23 cm.
504    @aIncludes bibliographical references (p. 277-281).
650  0 @aPueblo Indians@xHistory.
906    @a7@bcbc@corignew@d3@eopcn@f19@gy-gencatlg
922    @aad
955    @apn04 04-30-91; pc18 to ea00 07-16-91; ea04 to SCD 07-16-91; fh12 07-17-91; fl27 07-22-91; CIP ver. sf02 07-17-92
991    @bc-GenColl@hE99.P9@iS186 1991@p00016922936@tCopy 1@wBOOKS
    
    Pueblo nations : : eight centuries of Pueblo Indian history / / Joe S. Sando ; foreword by Regis Pecos.-1st ed.-Santa Fe, N.M. : : Clear Light, , c1992.
    xiv, 282 p. : : ill. ; ; 23 cm.
    Includes bibliographical references (p. 277-281).
    
    ISBN 0940666073 (pbk.) :$14.95.
    
●
相关链接 在E读中查询图书 在五车中查询图书 在当当中查询图书 在豆瓣中查询图书


正题名:Pueblo nations     索取号:K7/x33         预约/预借

序号 登录号 条形码 馆藏地/架位号 状态 备注
1 008223   300082238   第二样本阅览室/ [索取号:K7/x33] 在馆    
唐山师范学院图书馆 欢迎您!
大连网信软件有限公司© 版权所有